| 000 | 00666nam a2200229 4500 | ||
|---|---|---|---|
| 003 | DO-SdBPM | ||
| 005 | 20250109091629.0 | ||
| 008 | 161028b1981 sp 00| 0 spa d | ||
| 020 | _a8430512225 | ||
| 040 |
_aDO-SdBPM _bspa _cBPMSU |
||
| 082 | 4 |
_a923.1 _bF315H 1981 _222 |
|
| 100 | _aHerrera, Juan Ignacio | ||
| 245 |
_aFelipe II / _cJuan Ignacio Herrera |
||
| 260 |
_aBarcelona : _bSusaeta Ediciones , _c1981 |
||
| 300 |
_a88 p. : _c21 cm |
||
| 490 | 0 | _aVidas ilustres | |
| 600 | 1 | 4 |
_aFelipe _bII _cRey de España, _d1527-1598 |
| 651 | 4 |
_aEspaña _xHistoria _y1556-1598. |
|
| 942 |
_2ddc _cBK |
||
| 945 | _aInventariado, 2018 / YL | ||
| 956 |
_aDGARCIA _b10 _cBPMSU |
||
| 999 |
_c11711 _d11711 |
||